Central Library OPAC University of Rajshahi

The fair maid of the west : (Record no. 62650)

MARC details
000 -LEADER
fixed length control field 00789nam a2200241 a 4500
001 - CONTROL NUMBER
control field 62650
003 - CONTROL NUMBER IDENTIFIER
rucl marc code BD-RjUL
005 - DATE AND TIME OF LATEST TRANSACTION
control field 20211209081116.0
008 - FIXED-LENGTH DATA ELEMENTS--GENERAL INFORMATION
fixed length control field 170124s1967 nbu 000 0 eng d
035 ## - SYSTEM CONTROL NUMBER
System control number (BD-RjUL)62776
040 ## - CATALOGING SOURCE
Original cataloging agency DLC
Transcribing agency Wa
Modifying agency DLC
-- BD-RjUL
Language of cataloging eng
041 ## - LANGUAGE CODE
Language code of text/sound track or separate title eng
082 00 - DEWEY DECIMAL CLASSIFICATION NUMBER
Classification number 822.3
Edition number 23
Author mark and year HEF 1967
100 1# - MAIN ENTRY--PERSONAL NAME
Personal name Heywood, Thomas,
Dates associated with a name approximately 1574-1641.
9 (RLIN) 186274
245 14 - TITLE STATEMENT
Title The fair maid of the west :
Remainder of title parts I and II /
Statement of responsibility, etc. Edited by Robert K. Turner, Jr.
260 ## - PUBLICATION, DISTRIBUTION, ETC. (IMPRINT)
Place of publication, distribution, etc. Lincoln :
Name of publisher, distributor, etc. University of Nebraska Press,
Date of publication, distribution, etc. 1967
300 ## - PHYSICAL DESCRIPTION
Pagination xx, 213 p. ;
Size 22 cm.
490 0# - SERIES STATEMENT
Series statement Regents Renaissance drama series
650 ## - SUBJECT ADDED ENTRY--TOPICAL TERM
Topical term or geographic name as entry element English fiction
General subdivision Early modern
9 (RLIN) 186275
700 1# - ADDED ENTRY--PERSONAL NAME
Personal name Turner, Robert Kean,
Dates associated with a name 1926-
Relator term ed.
942 ## - ADDED ENTRY ELEMENTS (KOHA)
Source of classification or shelving scheme Dewey Decimal Classification
Koha item type Books
Holdings
Lost status Source of classification or shelving scheme Damaged status Not for loan Collection code Permanent Location Current Location Shelving location Date acquired Total Checkouts Full call number Date last seen Copy number Koha item type
  Dewey Decimal Classification   Not For Loan Fiction Central Library, University of Rajshahi Central Library, University of Rajshahi Reading Room 12/09/1989   822.3 HEF 1967 24/01/2017 C-1 Books